000 00438nam a2200157Ia 4500
008 210716s2016 xx 000 0 und d
020 _a9789332575103
041 _aeng
082 _a006.671 HUNC
100 _aHunt, Charlie;Beckwith, Monica;Parhar, Poonam;Rutisson, Bengt.
245 _aJava performance companion.
250 _a1
260 _aNew Delhi
_bPearson Education
_c2016
300 _axvi,165
650 _aJava Programming
999 _c196415
_d196415